00338nam a22001097a 4500008004100000082002400041110004700065245004100112260003500153300000800188440003200196230623b xxu||||| |||| 00| 0 eng d a330.96005bJAE 2004 bCentre for the Study of African Economies  aAfrican Economic Research Consortium b Oxford University Pressc2004 a95p n2pSupplementv13x09638024